Literaturas migrantes, preservación de las memorias e identidades colectivas y cohesión social. Retos para la Europa del siglo XXI /

Gorde:
Xehetasun bibliografikoak
Beste egile batzuk: Corbí Sáez, María Isabel (Editora.), Sansano, Gabriel (Argitaratzailea), Aljibe, Carmen (Autora.), Martí, Rosario (Autora.), Arnau, Pilar (Autora.)
Formatua: eBook
Hizkuntza:gaztelania
Argitaratua: Madrid : Dykinson, 2024.
Saila:Clásicos Dykinson ; Serie: Monografías.
Gaiak:
Sarrera elektronikoa:https://elibro.unach.elogim.com/es/lc/unach/titulos/282252
Etiketak: Etiketa erantsi
Etiketarik gabe, Izan zaitez lehena erregistro honi etiketa jartzen!

MARC

LEADER 00000nam a2200000 i 4500
001 ELB282252
003 FINmELB
005 20250625180035.5
006 m o d |
007 cr cnu||||||||
008 250525s2024 sp o 001 0 spa d
017 |a M-2228-2024  |b España 
020 |a 9791370060008  |q (e-book) 
020 |a 9788410705432  |q (print) 
035 |a (OCoLC)1524928293 
040 |a FINmELB  |b spa  |e rda  |c FINmELB 
050 4 |a PN81  |b L776 2024 
080 |a 82.09 
082 0 4 |a 801  |2 23 
245 0 0 |a Literaturas migrantes, preservación de las memorias e identidades colectivas y cohesión social. Retos para la Europa del siglo XXI /  |c María Isabel Corbí Sáez, Gabriel Sansano (Editores) ; Carmen Aljibe, Rosario Martí, Pilar Arnau, Carmen Mata, Naima Benaicha, Dana Monah, André Bénit, Brigitte Natanson, Sandra Camacho, Sandra Ortega, Ma Isabel Corbí, Jesús Pérez, Isabel Díaz, Miquel Pomar, María Falcón, Ángeles Sánchez, Cristina Gámez, Gabriel Sansano, Isabel Marcillas. 
264 1 |a Madrid :  |b Dykinson,  |c 2024. 
300 |a 1 recurso en línea (305 páginas) 
336 |a texto  |b txt  |2 rdacontent/spa 
337 |a computadora  |b c  |2 rdamedia/spa 
338 |a recurso en línea  |b cr  |2 rdacarrier/spa 
347 |a data file  |2 rda 
490 1 |a Clásicos Dykinson ; Serie: Monografías 
500 |a Incluye índice. 
588 |a Descripción basada en metadatos suministrados por el editor y otras fuentes. 
590 |a Recurso electrónico. Santa Fe, Arg.: elibro, 2025. Disponible vía World Wide Web. El acceso puede estar limitado para las bibliotecas afiliadas a elibro. 
650 4 |a Cohesión social. 
650 4 |a Crítica Literaria. 
650 4 |a Identidad social. 
650 4 |a Literatura de migrantes. 
650 4 |a Memoria colectiva. 
655 4 |a Libros electrónicos. 
700 1 |a Corbí Sáez, María Isabel,  |e Editora. 
700 1 |a Sansano, Gabriel,  |e Editor. 
700 1 |a Aljibe, Carmen,  |e Autora. 
700 1 |a Martí, Rosario,  |e Autora. 
700 1 |a Arnau, Pilar,  |e Autora. 
797 2 |a elibro, Corp. 
830 0 |a Clásicos Dykinson ; Serie: Monografías. 
856 4 0 |u https://elibro.unach.elogim.com/es/lc/unach/titulos/282252